Die bekanntesten Transferströme zwischen Hamburg und Hannover - Statistiken

Allgemein
  • Dieses Quiz wurde 21 mal gespielt
  • Das Durchschnittsergebnis liegt bei 2 aus 6
Antwortstatistiken
Saison Abgebender Verein Aufnehmender Verein Position Ablöse in € Spielername % Korrekt
2018/2019 Hamburg Hannover Mittelstürmer Leihe 1.200.000 Wood
78%
2018/2019 Hamburg Hannover Defensives MF 6.000.000 Walace
67%
2013/2014 Hamburg Hannover Mittelstürmer Leihe 300.000 Rudnevs
61%
2017/2018 Hamburg Hannover Defensives MF Leihe Ostrzolek
22%
2007/2008 Hamburg Hannover Mittelstürmer 800.000 Lauth
17%
1998/1999 Hannover Hamburg Defensives MF ablösefrei Ernst
0%
Keine übereinstimmenden Quizze gefunden
Verteilung der Resultate
Anzahl Personen mit jedem Resultat
Perzentil nach korrekt beantworteten Fragen
Ihre Resultats-Entwicklung
Sie haben dieses Quiz noch nicht gespielt